[Event "Arnold Cup"]
[Site "Gausdal"]
[Date "1993.??.??"]
[Round "7"]
[White "Skembris, Spyridon"]
[Black "Fyllingen, Roy Harald"]
[Result "1-0"]
[WhiteElo "2560"]
[BlackElo "2295"]

1.d4 Nf6 2.c4 e6 3.Nf3 Bb4+ 4.Bd2 a5 5.g3 d5 6.Qb3 Nc6 7.Bg2 dxc4 8.Qxc4 Qd5
9.Qxd5 exd5 10.a3 Bxd2+ 11.Nbxd2 Be6 12.O-O Ke7 13.Rfc1 Rhc8 14.e3 a4 15.Bf1 Ra5
16.Rc3 Kd6 17.Rac1 h6 18.Ne1 Ne7 19.Rc5 Ra7 20.Nd3 c6 21.f3 b6 22.R5c3 Nd7
23.e4 g5 24.Nb4 Nb8 25.Kf2 Ra5 26.Be2 f5 27.exd5 cxd5 28.Rxc8 Bxc8 29.f4 g4
30.Nb1 Nbc6 31.Nxc6 Nxc6 32.Ke3 Ba6 33.Bxa6 Rxa6 34.Nc3 Ra8 35.Kd3 h5 36.h4 Ra5
37.Rc2 Kd7 38.Re2 Ne7 39.Re5 Kd6 40.Ke3 Kd7 41.Kd2 Kd6 42.Kd3 Kd7 43.Kd2 Kd6
44.Kd1 Kd7 45.Kc1 Kd6 46.Kb1 Ra8 47.Nd1 Rc8 48.Ne3 Rf8 49.Kc1 Rf7 50.Kd2 Rf8
51.Kd3 Rf7 52.Nd1 Rf8 53.Ne3 Rf7 54.b3 Rf8 55.bxa4 Ra8 56.Kc3 Rxa4 57.Kb2 b5
58.Kb3 Kd7 59.Nxd5 Nxd5 60.Rxd5+ Kc6 61.Rc5+ Kb6 62.Rxf5 Rxd4 63.Rxh5  1-0

[Event "Oberliga Nord W9293"]
[Site "Germany"]
[Date "1993.??.??"]
[Round "?"]
[White "Lau, Dietmar"]
[Black "Chochulski, Artur"]
[Result "0-1"]
[WhiteElo "2235"]
[BlackElo "2290"]

1.c4 Nf6 2.Nf3 e6 3.d4 Bb4+ 4.Bd2 Qe7 5.a3 Bxd2+ 6.Qxd2 a5 7.Nc3 d6 8.e4 e5
9.dxe5 dxe5 10.Qg5 O-O 11.Qxe5 Qxe5 12.Nxe5 Re8 13.f4 Nxe4 14.Nxe4 f6 15.O-O-O fxe5
16.c5 Nc6 17.Bc4+ Kh8 18.Ng5 h6 19.Nf7+ Kh7 20.Nxe5 Nxe5 21.fxe5 Rxe5 22.Rd5 Rxd5
23.Bxd5 c6 24.Be4+ Kg8 25.Bg6 Be6 26.Re1 Bf7 27.Bf5 Kf8 28.Kc2 Rd8 29.Re5 Rd4
30.Bc8 Bd5 31.Bxb7 Bxg2 32.Kc3 Rf4  0-1

[Event "Verbandsliga Nord Baden"]
[Site "Germany"]
[Date "1993.??.??"]
[Round "?"]
[White "Fronczek, Heinrich"]
[Black "Ksieski, Zbigniew"]
[Result "0-1"]
[WhiteElo "2295"]
[BlackElo "2340"]

1.d4 Nf6 2.Nf3 e6 3.c4 Bb4+ 4.Bd2 a5 5.Qc2 O-O 6.a3 Bxd2+ 7.Nbxd2 d6 8.e4 Nc6
9.d5 Ne7 10.g3 c6 11.dxc6 Nxc6 12.Bg2 Nd7 13.O-O Nc5 14.Rad1 e5 15.Nb1 Bg4
16.h3 Bxf3 17.Bxf3 Nd4 18.Qc3 Na4 19.Qe3 Nxb2 20.Rxd4 exd4 21.Qb3 Qf6 22.Kg2 d3
23.Nd2 Rac8 24.Rb1 b5 25.cxb5 Rc2 26.e5 Qxe5 27.Ne4 Qd4 28.Rf1 Nc4 29.Kg1 d5  0-1

[Event "Oberliga Nord W9293"]
[Site "Germany"]
[Date "1993.??.??"]
[Round "?"]
[White "Stabolewski, Andreas"]
[Black "Buchenau, Frank"]
[Result "1/2-1/2"]
[WhiteElo "2315"]
[BlackElo "2255"]

1.d4 e6 2.Nf3 Nf6 3.c4 Bb4+ 4.Bd2 Qe7 5.g3 Nc6 6.Bg2 Bxd2+ 7.Nbxd2 d6 8.O-O a5
9.e4 e5 10.d5 Nb8 11.Ne1 h5 12.Nef3 Nbd7 13.Re1 Nc5 14.Qc2 Bd7 15.b3 c6 16.Qc3 O-O
17.Nh4 cxd5 18.cxd5 b5 19.Bf1 Rfc8 20.Qf3 g6 21.h3 Kg7 22.Qe3 Rc7 23.f4 Rac8
24.Nhf3 Ne8 25.g4 hxg4 26.hxg4 Nf6 27.Nh2 exf4 28.Qxf4 Re8 29.Rac1 Qe5 30.Qxe5 Rxe5
31.Nhf3 Re8 32.g5 Ng4 33.Kg2 Rec8 34.Rcd1 Na6 35.Nd4 Rc3 36.Nxb5 Bxb5 37.Bxb5 Nc5
38.Nc4 Rh8 39.Rd2 Rh2+ 40.Kg1 Rg3+ 41.Kf1 Rf3+ 42.Kg1 Rg3+ 43.Kf1 Rf3+  1/2-1/2

[Event "BL2-O9293"]
[Site "Germany"]
[Date "1993.??.??"]
[Round "?"]
[White "Hesse, Peter"]
[Black "Stickler, Andreas"]
[Result "1/2-1/2"]
[WhiteElo "2360"]
[BlackElo "2250"]

1.d4 Nf6 2.Nf3 e6 3.c4 Bb4+ 4.Bd2 Qe7 5.e3 O-O 6.Be2 b6 7.O-O Bxd2 8.Nbxd2 Bb7
9.Qc2 d6 10.Rfc1 c5 11.Qc3 Nbd7 12.b4 Rfc8 13.bxc5 dxc5 14.a4 Nb8 15.a5 Na6
16.Ne5 Nb4 17.Nd3 Nxd3 18.Qxd3 Rd8 19.Bf3 cxd4 20.exd4 Bxf3 21.Nxf3 Rac8
22.Qb3 Qc7 23.h3 h6 24.Qb5 Ne4 25.axb6 axb6 26.Qb4 Ng5 27.Nxg5 hxg5 28.c5 bxc5
29.dxc5 Qf4 30.Qxf4 gxf4 31.Ra4 e5 32.c6 Rc7 33.Kf1 Rd6 34.Rac4 Kh7 35.Ke2 Kg6
36.Kf3 Kf5 37.R1c3 Rd2 38.g3 fxg3 39.Kxg3 g5 40.h4 f6 41.Rf3+ Ke6 42.hxg5 fxg5
43.Rc1 Rd6 44.Rfc3 Kf5 45.Rc5 Rd3+ 46.Kg2 Rd6 47.R1c3 Ke6 48.Rc1 Kf5 49.R5c3 Ke6
50.Kg3 Kf5 51.R1c2 Kf6  1/2-1/2

[Event "BL2-O9293"]
[Site "Germany"]
[Date "1993.??.??"]
[Round "?"]
[White "Dietze, Wolfgang"]
[Black "Stickler, Andreas"]
[Result "1/2-1/2"]
[WhiteElo "2285"]
[BlackElo "2250"]

1.d4 Nf6 2.Nf3 e6 3.c4 Bb4+ 4.Bd2 Qe7 5.a3 Bxd2+ 6.Qxd2 O-O 7.Nc3 d6 8.e3 b6
9.Be2 Bb7 10.Qc2 c5 11.O-O cxd4 12.Nxd4 Nbd7 13.Bf3 Ne5 14.Bxb7 Qxb7 15.b3 a6
16.Rac1 Rac8 17.Qe2 Rfd8 18.e4 Ned7 19.Rfe1 g6 20.h3 Nc5  1/2-1/2

[Event "BL2-W9293"]
[Site "Germany"]
[Date "1993.??.??"]
[Round "?"]
[White "Stoering, Volker"]
[Black "Ostermeyer, Peter"]
[Result "1-0"]
[WhiteElo "2315"]
[BlackElo "2405"]

1.d4 Nf6 2.c4 e6 3.Nf3 Bb4+ 4.Bd2 Qe7 5.g3 Nc6 6.Nc3 O-O 7.Bg2 Bxc3 8.Bxc3 Ne4
9.Rc1 d6 10.d5 Nd8 11.dxe6 Nxe6 12.Bb4 a5 13.Ba3 Re8 14.O-O a4 15.Ne1 N6g5
16.Nd3 Nh3+ 17.Kh1 Ra5 18.Qe1 b6 19.f3 Neg5 20.e4 Qf6 21.Nb4 Qh6 22.Nd5 Ra7
23.Qc3 f5 24.exf5 Bxf5 25.Rce1 Rxe1 26.Qxe1 Qe6 27.Qxe6+ Nxe6 28.Ne7+ Kf7
29.Nxf5  1-0

[Event "Oberliga Nord W9394"]
[Site "Germany"]
[Date "1993.??.??"]
[Round "?"]
[White "Jolowicz, Matias"]
[Black "Buchenau, Frank"]
[Result "0-1"]
[WhiteElo "2265"]
[BlackElo "2250"]

1.d4 e6 2.c4 Nf6 3.Nf3 Bb4+ 4.Bd2 Qe7 5.g3 Nc6 6.Bg2 Bxd2+ 7.Nbxd2 d6 8.O-O O-O
9.e4 e5 10.d5 Nb8 11.b4 a5 12.a3 Na6 13.Ne1 Bg4 14.f3 Bd7 15.Nd3 c6 16.Qb3 axb4
17.axb4 Nc7 18.Qb2 cxd5 19.exd5 b5 20.c5 Ncxd5 21.cxd6 Qxd6 22.Qxe5 Qb6+
23.Kh1 Rxa1 24.Rxa1 Re8 25.Qb2 h5 26.Ne4 Nxe4 27.fxe4 Ne3 28.Nc5 Bg4 29.h3 Bc8
30.Qe2 Qf6 31.Re1 Nxg2 32.Kxg2 Qc3 33.Rb1 Rd8 34.Rd1 Rxd1 35.Qxd1 Qb2+ 36.Kg1 Bxh3
37.Qf3 Bg4 38.Qb3 Qc1+ 39.Kf2 Qd2+ 40.Kg1 Qe1+ 41.Kg2 Qe2+  0-1

[Event "BL2-N9293"]
[Site "Germany"]
[Date "1993.??.??"]
[Round "?"]
[White "Chuchelov, Vladimir"]
[Black "Cladouras, Panagiotis"]
[Result "1-0"]
[WhiteElo "2490"]
[BlackElo "2335"]

1.d4 Nf6 2.Nf3 e6 3.c4 Bb4+ 4.Bd2 Qe7 5.g3 O-O 6.Bg2 Bxd2+ 7.Qxd2 d6 8.Nc3 Re8
9.O-O a5 10.e4 e5 11.h3 Nc6 12.d5 Nb8 13.Ne1 c6 14.Nd3 cxd5 15.cxd5 Na6 16.f4 Bd7
17.a4 Nb4 18.f5 Rec8 19.Nf2 Rc5 20.Bf3 Be8 21.Be2 Rac8 22.h4 Nd7 23.Ng4 Nf6
24.Nf2 Nd7 25.Kg2 f6 26.Nfd1 R5c7 27.Ne3 Nc5 28.Qd1 Qd8 29.g4 Kh8 30.Rf3 Nca6
31.Ra3 Rc5 32.Rg3 Bd7 33.g5 Nc7 34.Qd2 Ne8 35.Bh5 Qe7 36.Ra1 b5 37.axb5 Bxb5
38.Kh2 Bd3 39.Rag1 fxg5 40.hxg5 Bxe4 41.f6 gxf6 42.Nxe4 Rc2 43.Nxc2 Rxc2
44.Qxc2 Nxc2 45.gxf6  1-0

[Event "BL2-W9293"]
[Site "Germany"]
[Date "1993.??.??"]
[Round "?"]
[White "Alber, Horst"]
[Black "Kveinys, Aloyzas"]
[Result "1/2-1/2"]
[WhiteElo "2315"]
[BlackElo "2555"]

1.d4 Nf6 2.c4 e6 3.Nf3 Bb4+ 4.Bd2 a5 5.g3 d6 6.Bg2 Nbd7 7.O-O e5 8.c5 e4
9.Ng5 Bxd2 10.Qxd2 dxc5 11.Nc3 Nb6 12.d5 Nfxd5 13.Nxd5 Qxd5 14.Qe3 Qe5 15.Rac1 c4
16.Bxe4 Qe7 17.Qf4 h6 18.Nf3 c6 19.Bb1 O-O 20.e4 Be6 21.Nd4 Rad8 22.Nxe6 fxe6
23.Qe3 c5 24.Qc3 a4 25.e5 Rd4 26.Qc2 Rf5 27.f4 Qd7 28.Rcd1 Nd5 29.Rxd4 cxd4
30.Qxc4 Ne3 31.Qe2 Rf8 32.Qd3 Rc8 33.Re1 Nf5 34.g4 Nh4 35.Qg3 g5 36.f5 Qc6
37.Be4 Qb6 38.fxe6 d3+ 39.Qf2 Qxe6 40.Bf5 Qc6 41.Be4 Qxe4 42.Rxe4 Rc1+ 43.Re1 Rxe1+
44.Qxe1 Nf3+ 45.Kf2 Nxe1 46.Kxe1 Kf7 47.Kd2 Ke6 48.Kxd3 Kxe5 49.Ke3 b6 50.a3  1/2-1/2

[Event "Groningen op"]
[Site "Groningen"]
[Date "1993.??.??"]
[Round "9"]
[White "Psakhis, Lev"]
[Black "Arbakov, Valentin"]
[Result "1-0"]
[WhiteElo "2585"]
[BlackElo "2460"]

1.d4 Nf6 2.Nf3 e6 3.c4 Bb4+ 4.Bd2 Qe7 5.g3 a5 6.Bg2 b6 7.O-O Bb7 8.Bg5 h6
9.Bxf6 Qxf6 10.c5 a4 11.a3 Ba5 12.cxb6 Bxb6 13.Nc3 Ra7 14.e4 g5 15.Re1 Ra5
16.Nxa4 Rxa4 17.Qxa4 h5 18.Ne5 h4 19.Nxd7 Nxd7 20.e5 Qh6 21.Bxb7 hxg3 22.hxg3 Qh2+
23.Kf1 O-O 24.Qxd7 c6 25.Qxc6 Bxd4 26.Re2 Ba7 27.Qh1  1-0

[Event "Hamburg-ch"]
[Site "Hamburg"]
[Date "1993.??.??"]
[Round "?"]
[White "Dankert, Peter"]
[Black "Reddmann, Hauke"]
[Result "1/2-1/2"]
[WhiteElo "2275"]
[BlackElo "2290"]

1.d4 Nf6 2.c4 e6 3.Nf3 Bb4+ 4.Bd2 Qe7 5.g3 b6 6.Bg2 Bb7 7.O-O Bxd2 8.Nbxd2 d6
9.Qc2 Nbd7 10.e4 e5 11.d5 a5 12.b3 O-O 13.a3 Ra7 14.b4 axb4 15.axb4 Rfa8
16.Rxa7 Rxa7 17.Qb2 Qf8 18.Ra1 Qa8 19.Rxa7 Qxa7 20.Nh4 g6 21.Nb1 b5 22.cxb5 Nb6
23.Qa3 Qa4 24.Qxa4 Nxa4 25.f3 Bc8 26.Bf1 g5 27.Ng2 g4 28.Bd3 gxf3 29.Nh4 Bd7
30.Bc2 f2+ 31.Kxf2 Bxb5 32.Bxa4 Bxa4 33.Nc3 Ng4+ 34.Kf3 Bd7 35.h3 Nf6 36.g4 h5
37.Nf5 hxg4+ 38.hxg4 Kh7 39.Kg3 Kg6 40.Kh4 Ng8 41.b5 Nh6 42.Nxd6 Nxg4 43.Nc4 f5
44.b6 cxb6 45.Nxb6 Be8 46.Nc4 Bd7  1/2-1/2

[Event "Wichern op"]
[Site "Hamburg"]
[Date "1993.??.??"]
[Round "8"]
[White "Krasenkow, Michal"]
[Black "Wahls, Matthias"]
[Result "0-1"]
[WhiteElo "2595"]
[BlackElo "2480"]

1.c4 Nf6 2.d4 e6 3.Nf3 Bb4+ 4.Bd2 Qe7 5.g3 Nc6 6.Nc3 Bxc3 7.Bxc3 Ne4 8.Rc1 O-O
9.Bg2 d6 10.d5 Nd8 11.O-O e5 12.Be1 f5 13.b4 Nf7 14.Nd2 Nf6 15.Qb3 f4 16.c5 Ng5
17.f3 Qf7 18.cxd6 cxd6 19.Nc4 Rd8 20.e4 Nh3+ 21.Kh1 fxg3 22.hxg3 Qh5 23.Rc2 Ng5+
24.Kg1 Bd7 25.g4 Qh6 26.b5 Ne8 27.Na5 Rdc8 28.Rff2 Nf6 29.Nxb7 Rxc2 30.Rxc2 Rb8
31.Nxd6 Nxg4 32.fxg4 Qxd6 33.a4 Bxg4 34.Qg3 h5 35.Qe3 Qe7 36.d6 Qf6 37.Qxa7 Rf8
38.Rf2 Nf3+ 39.Bxf3 Bxf3 40.Qe7 Qg6+ 41.Kh2 Qxe4 42.Bd2 Qd4 43.Kg1 Qg4+ 44.Kh2 Rf6  0-1

[Event "Hania op"]
[Site "Hania"]
[Date "1993.??.??"]
[Round "2"]
[White "Mastrokoukos, Georgios"]
[Black "Schwarz, Michael"]
[Result "0-1"]
[WhiteElo "2325"]
[BlackElo "2405"]

1.d4 Nf6 2.c4 e6 3.Nf3 Bb4+ 4.Bd2 Qe7 5.g3 Nc6 6.Bg2 Bxd2+ 7.Nbxd2 d6 8.O-O a5
9.e4 e5 10.d5 Nb8 11.Qa4+ Bd7 12.Qb3 b6 13.c5 dxc5 14.Nc4 a4 15.Qc2 Ng4 16.h3 b5
17.d6 Qe6 18.dxc7 Na6 19.hxg4 bxc4 20.Rfc1 f6 21.g5 Nxc7 22.gxf6 gxf6 23.Bf1 Qg4
24.Nh4 Nb5 25.Qxc4 Nd4 26.Qxc5 Rg8 27.Qd5 Rd8 28.Rc7 Rg7 29.Bg2 Ne2+ 30.Kf1 Nxg3+
31.fxg3 Qxg3 32.Rxd7 Rgxd7 33.Qe6+ Kf8 34.Qxf6+ Rf7  0-1

[Event "Havana op"]
[Site "Havana"]
[Date "1993.??.??"]
[Round "?"]
[White "Rivera, Alberto"]
[Black "Foyo, Rogelio"]
[Result "1-0"]
[WhiteElo "2395"]
[BlackElo "2295"]

1.d4 Nf6 2.Nf3 e6 3.c4 Bb4+ 4.Bd2 Qe7 5.g3 Nc6 6.Bg2 Bxd2+ 7.Nbxd2 d6 8.O-O O-O
9.e4 e5 10.d5 Nb8 11.Ne1 a5 12.b3 Na6 13.a3 Bg4 14.f3 Bd7 15.Nd3 c6 16.Nf2 b5
17.cxb5 cxb5 18.Qe2 b4 19.a4 Nc5 20.Rfc1 Bc8 21.Qe3 Ba6 22.Bf1 Bxf1 23.Kxf1 Nfd7
24.Kg2 f5 25.Nd3 f4 26.Qe2 fxg3 27.hxg3 Qg5 28.Nxc5 Nxc5 29.Rxc5 dxc5 30.Nc4 h5
31.Qe3 Qf6 32.Rh1 g6 33.Rf1 g5 34.d6 g4 35.f4 h4 36.Qxc5 h3+ 37.Kh2 exf4
38.Rxf4 Qg6 39.Ne5 Rxf4 40.Nxg6  1-0

[Event "Heraklio op"]
[Site "Heraklio"]
[Date "1993.??.??"]
[Round "6"]
[White "Van Wely, Loek"]
[Black "Tzoumbas, Anastasios"]
[Result "1-0"]
[WhiteElo "2585"]
[BlackElo "2215"]

1.d4 Nf6 2.c4 e6 3.Nf3 Bb4+ 4.Bd2 Qe7 5.g3 Nc6 6.Nc3 d5 7.a3 Bxc3 8.Bxc3 Ne4
9.Qc2 O-O 10.Bg2 a5 11.b3 a4 12.b4 Nd6 13.c5 Nb5 14.Bb2 Bd7 15.O-O f5 16.Qd3 Nd8
17.Bc1 Nf7 18.h4 Na7 19.Bf4 Bb5 20.Qe3 Nc6 21.Rfd1 Rac8 22.Rac1 Rfe8 23.Bh3 Nb8
24.g4 fxg4 25.Bxg4 Nd7 26.Ng5 h6 27.Nxf7 Qxf7 28.Kh2 Qf6 29.Rg1 Re7 30.Rg2 Qxh4+
31.Bh3 Kh7 32.Rcg1 Nf6 33.Be5 Rf8 34.Qd2 Kh8 35.f3 Kh7 36.Qc2+ Kh8 37.Rg3 Rff7
38.Kg2 Rf8 39.Rh1 Qh5 40.Bxe6 Rxe6 41.Rxh5 Nxh5 42.Rg4 Rf7 43.Kf2 Nf6 44.Rf4 Kg8
45.e3 g5 46.Rxf6 Rfxf6 47.Bxf6 Rxf6 48.Kg3 Kg7 49.e4 Bc6 50.b5 Bxb5 51.exd5 Be8
52.Qe2 Bg6 53.Qe5 c6 54.d6 Bf5 55.d5 cxd5 56.Qxd5 Rf7 57.Qd4+ Kg6 58.Qxa4 h5
59.Qb3 h4+ 60.Kh2 g4 61.fxg4 Bxg4 62.Qc4 Bd7 63.Qc2+ Bf5 64.Qb3 h3 65.a4 Rg7
66.a5 Kf6 67.Qb2+ Kg6 68.Qxg7+ Kxg7 69.c6 bxc6 70.a6 Kf7 71.a7 Ke6 72.a8=Q Kxd6
73.Qf8+  1-0

[Event "HUN-chT2"]
[Site "HUN"]
[Date "1993.??.??"]
[Round "?"]
[White "Halasz, Tamas"]
[Black "Magyar, Otto"]
[Result "1/2-1/2"]
[WhiteElo "2385"]
[BlackElo "2390"]

1.d4 Nf6 2.c4 e6 3.Nf3 Bb4+ 4.Bd2 Qe7 5.g3 Nc6 6.Bg2 Bxd2+ 7.Nbxd2 O-O 8.O-O a5
9.e4 d6 10.d5 Nb4 11.a3 Na6 12.b4 e5 13.Qb3 c6 14.dxc6 bxc6 15.Rfb1 Be6 16.Qc3 axb4
17.axb4 Nd7 18.Ne1 f6 19.Nd3 Rfb8 20.Ra5 Qd8 21.Rba1 Nc7 22.Nb3 Nf8 23.f4 Bf7
24.Rd1 Rxa5 25.Nxa5 Na6 26.Ra1 Qe8 27.c5 dxc5 28.bxc5 exf4 29.gxf4 Nc7 30.Nb4 Nb5
31.Qb2 Na7 32.Qc3 Ng6 33.Na6 Rc8 34.Qe3 Nb5 35.Bf1 Nc7 36.Nxc7 Rxc7 37.Bc4 Kh8
38.Rd1 h6 39.Rd6 Re7 40.Qd2 Qf8 41.e5 Nh4 42.Qf2 Nf5 43.Rxc6 fxe5 44.fxe5 Rxe5
45.Be6  1/2-1/2

[Event "HUN-chT"]
[Site "HUN"]
[Date "1993.??.??"]
[Round "?"]
[White "Kormanyos, Zoltan"]
[Black "Kovacs, Janos"]
[Result "1/2-1/2"]
[WhiteElo "2340"]
[BlackElo "2290"]

1.d4 Nf6 2.c4 e6 3.Nf3 Bb4+ 4.Bd2 c5 5.a3 Bxd2+ 6.Qxd2 cxd4 7.Nxd4 a6 8.Nc3 Qc7
9.e4 O-O 10.Be2 b6 11.Rc1 Bb7 12.f3 Nc6 13.O-O Rac8 14.Rfd1 Rfd8 15.b4 Ne7
16.Qe3 d6 17.Nb3 Rb8 18.Na4 Ba8 19.Nb2 Ng6  1/2-1/2

[Event "HUN-chT"]
[Site "HUN"]
[Date "1993.??.??"]
[Round "?"]
[White "Novikov, Igor A"]
[Black "Horvath, Jozsef"]
[Result "1/2-1/2"]
[WhiteElo "2585"]
[BlackElo "2505"]

1.d4 Nf6 2.c4 e6 3.Nf3 Bb4+ 4.Bd2 c5 5.Bxb4 cxb4 6.g3 O-O 7.Bg2 d6 8.Nbd2 Nc6
9.O-O Re8 10.e4 e5 11.d5 Nb8 12.Ne1 a5 13.Nd3 Na6 14.a3 Bg4 15.f3 Bd7 16.a4 Qb6+
17.Kh1 Qe3 18.Ne1 Nc5 19.Nc2 Qh6 20.b3 Nh5 21.Kg1 f5 22.exf5 Bxf5 23.Re1 Nf6
24.Ne3 Bd3 25.Bf1 Qg6 26.Bxd3 Nxd3 27.Rf1 Qg5 28.Ng2 Nc5 29.Qc2 Re7 30.Rae1 Rae8
31.Re3 Rf7 32.Rfe1 Ref8 33.Qd1 Nh5 34.Qc2 g6 35.Ne4 Nxe4 36.Qxe4 Nf6 37.Qc2 Nd7
38.Qe2 Nc5 39.Rf1 Qh5 40.Rf2 g5 41.h4 Rg7 42.hxg5 Rxg5 43.g4 Qh6 44.f4 exf4
45.Rxf4 Rxf4 46.Nxf4 Qf6 47.Ne6 Nxe6 48.Rxe6 Qd4+ 49.Kh2 Re5 50.Rxe5 dxe5
51.Qf3 e4 52.Qf4 Qb2+ 53.Kg1 Qb1+ 54.Kg2 Qc2+ 55.Kf1 Qd1+ 56.Kf2 Qc2+ 57.Kf1 Qd1+
58.Kf2 Qc2+  1/2-1/2

[Event "HUN-chT"]
[Site "HUN"]
[Date "1993.??.??"]
[Round "?"]
[White "Horvath, Jozsef"]
[Black "Horvath, Gyula"]
[Result "1/2-1/2"]
[WhiteElo "2535"]
[BlackElo "2445"]

1.d4 Nf6 2.c4 e6 3.Nf3 Bb4+ 4.Bd2 Qe7 5.g3 Nc6 6.Bg2 Bxd2+ 7.Nbxd2 d6 8.O-O a5
9.e4 e5 10.d5 Nb8 11.Ne1 h5 12.h3 h4 13.g4 Nfd7 14.Nd3 O-O 15.b3 Na6 16.a3 Nac5
17.Nb2 Re8 18.b4 axb4 19.axb4 Rxa1 20.Qxa1 Na6 21.Nd3 c5 22.dxc6 bxc6 23.Nb3 d5
24.exd5 Nxb4 25.Nxb4 Qxb4 26.dxc6 Qxb3 27.cxd7 Bxd7 28.Qd1 Qxd1 29.Rxd1 Be6
30.c5 Kf8 31.Re1  1/2-1/2

[Event "Ikaria op"]
[Site "Ikaria"]
[Date "1993.??.??"]
[Round "6"]
[White "Radulov, Ivan"]
[Black "Martinovic, Slobodan"]
[Result "1/2-1/2"]
[WhiteElo "2410"]
[BlackElo "2465"]

1.d4 Nf6 2.Nf3 e6 3.c4 Bb4+ 4.Bd2 a5 5.Nc3 b6 6.g3 Bb7 7.Bg2 O-O 8.O-O h6
9.Rc1 d6 10.Nb1 Bxd2 11.Nfxd2 Bxg2 12.Kxg2 c5 13.Nf3 Qe7 14.Nc3 Nc6 15.e3 cxd4
16.exd4 Qb7 17.d5 Ne5 18.Nxe5 dxe5 19.Qf3  1/2-1/2

[Event "Isle of Man op"]
[Site "Isle of Man"]
[Date "1993.??.??"]
[Round "?"]
[White "Arkell, Keith C"]
[Black "Parr, David"]
[Result "1-0"]
[WhiteElo "2455"]
[BlackElo "2375"]

1.d4 Nf6 2.Nf3 e6 3.c4 Bb4+ 4.Bd2 Qe7 5.g3 Nc6 6.Nc3 Bxc3 7.Bxc3 Ne4 8.Rc1 d6
9.d5 Nxc3 10.Rxc3 Nb8 11.dxe6 fxe6 12.Bg2 O-O 13.O-O Nc6 14.Nd4 Bd7 15.Nxc6 Bxc6
16.Bxc6 bxc6 17.c5 Rfb8 18.cxd6 cxd6 19.Rxc6 Rxb2 20.Rxd6 Rxa2 21.Qd3 Rc8
22.Rd1 h6 23.Qe3 Ra1 24.Rxa1 Qxd6 25.Qxa7 Rc7 26.Qa8+ Kh7 27.Qe4+ g6 28.h4 Qd5
29.Qxd5 exd5 30.Ra5 Rd7 31.Kf1 Kg7 32.Ra6 h5 33.Ke1 Kf7 34.Kd2 Rd8 35.Ke3 Rd7
36.Kf4 Re7 37.e3 Re4+ 38.Kg5 Re5+ 39.Kh6 Rf5 40.Ra7+ Kf8 41.f4 Rf6 42.Rd7 Re6
43.Rxd5 g5+ 44.Kxh5 gxh4 45.Kxh4  1-0

[Event "Jakarta Interzonal (Women)"]
[Site "Jakarta"]
[Date "1993.??.??"]
[Round "?"]
[White "Juergens, Vera"]
[Black "Kulish, Irina"]
[Result "1/2-1/2"]
[WhiteElo "2350"]
[BlackElo "2225"]

1.d4 Nf6 2.c4 e6 3.Nf3 Bb4+ 4.Bd2 Bxd2+ 5.Qxd2 d5 6.g3 c6 7.Bg2 O-O 8.Qc2 Nbd7
9.Nbd2 Re8 10.O-O e5 11.cxd5 Nxd5 12.e4 N5f6 13.Nc4 exd4 14.e5 Nd5 15.Nd6 Re6
16.Nc4 b5 17.Ncd2 d3 18.Qxd3 Nxe5 19.Nxe5 Rxe5 20.Rac1 Bf5 21.Qd4 Re6 22.Nb3 Rd6
23.Rfd1 Qf6 24.Qxf6 gxf6 25.Rxc6 Rxc6 26.Bxd5 Rac8 27.Bxc6 Rxc6 28.Rd8+ Kg7
29.Nd4 Rc1+ 30.Kg2 Be4+ 31.f3 Bb1 32.a3 a5 33.Rd5 Bd3 34.Kh3 Rb1 35.Nxb5 Rxb2
36.Nd6 Bf1+ 37.Kg4 Rxh2 38.Rxa5 Bh3+ 39.Kf4 Be6 40.Nf5+ Kg6 41.Ra8 h5 42.Nh4+ Kg7
43.Ra5 Rc2 44.Nf5+ Kg6 45.Ne7+ Kg7 46.Nd5 Kg6 47.Ke3 Bxd5 48.Rxd5 Rc3+ 49.Rd3 Rc4
50.Rb3 Kg5 51.Kd3 Ra4 52.Kc3 f5 53.f4+ Kg4 54.Kd2 h4 55.gxh4 Kxh4 56.Ke2 Kg4
57.Ke3  1/2-1/2

[Event "Jakarta Interzonal (Women)"]
[Site "Jakarta"]
[Date "1993.??.??"]
[Round "?"]
[White "Khurtsidze, Nino"]
[Black "Maric, Mirjana"]
[Result "1/2-1/2"]
[WhiteElo "2325"]
[BlackElo "2305"]

1.d4 Nf6 2.Nf3 e6 3.c4 Bb4+ 4.Bd2 Qe7 5.g3 Nc6 6.Bg2 Bxd2+ 7.Nbxd2 d6 8.O-O O-O
9.e4 e5 10.d5 Nb8 11.b4 a5 12.a3 axb4 13.axb4 Rxa1 14.Qxa1 Na6 15.Qc3 c5
16.dxc6 bxc6 17.Ra1 Re8 18.Bf1 c5 19.b5 Nb4 20.Ne1 Bb7 21.Bg2 Ra8 22.Rxa8+ Bxa8
23.Nd3 Nxd3 24.Qxd3 Qc7 25.Qa3 Bb7 26.f3 Nd7 27.Bh3 Nb6 28.Qa2 Kf8 29.Nf1 Qb8
30.Ne3 Qa8 31.Qxa8+ Bxa8 32.Kf2 g6 33.Ke2 Ke7 34.Kd3 Bb7 35.Nd1 Kd8 36.Nc3 Ke7
37.Nd1 Kd8 38.f4 exf4 39.gxf4 Ke7 40.Nc3 h6 41.Nd1 Kf6 42.Ne3 Ke7 43.Bg4 Na4
44.Bh3 Nb6 45.Bg2 Nd7 46.h4 h5 47.Bh3 Nb6 48.Nf1 Na4 49.Nd2 Nb2+ 50.Kc2 Na4
51.Bf1 Nb6 52.Kd3 Na4 53.Be2 Ke6 54.Bf3 Nb2+ 55.Ke3 Na4 56.Nb3 Nb6 57.Kd3 Ke7
58.Na5 Bc8 59.Nc6+ Ke8 60.Kc3 Be6 61.Be2 Na4+ 62.Kb3 Nb6 63.Kc3 Na4+ 64.Kb3  1/2-1/2

[Event "Jakarta Interzonal (Women)"]
[Site "Jakarta"]
[Date "1993.??.??"]
[Round "?"]
[White "Juergens, Vera"]
[Black "Csoke, Adrienn"]
[Result "1-0"]
[WhiteElo "2350"]
[BlackElo "2235"]

1.d4 Nf6 2.c4 e6 3.Nf3 Bb4+ 4.Bd2 a5 5.g3 b6 6.Bg2 Bb7 7.Nc3 O-O 8.O-O d6
9.Qc2 Nbd7 10.Rfe1 Qe7 11.e4 Bxc3 12.Bxc3 e5 13.b3 Ne8 14.Qb2 f6 15.Rad1 c5
16.dxe5 dxe5 17.Nh4 Nb8 18.Nf5 Qc7 19.Bh3 Kh8 20.Nh4 Bc8 21.Bxc8 Qxc8 22.f4 exf4
23.gxf4 Qg4+ 24.Ng2 Nc6 25.Qe2 Qe6 26.f5 Qf7 27.Nf4 Ra7 28.Qg4 Ne5 29.Qh3 g5
30.Bxe5 gxf4 31.Bxf4 Rg8+ 32.Kh1 Rd7 33.Qf3 Ng7 34.Rxd7 Qxd7 35.Rd1 Qb7 36.Bg3 b5
37.cxb5 a4 38.bxa4 Qa8 39.Rd5 Qxa4 40.Rxc5 Qxa2 41.Rc1 Qb2 42.Qc3 Qxb5 43.Qxf6 Qe2
44.Re1 Qf3+ 45.Kg1 Rc8 46.Qb2  1-0

[Event "Jakarta zt"]
[Site "Jakarta"]
[Date "1993.??.??"]
[Round "7"]
[White "Barus, Cerdas"]
[Black "Johansen, Darryl K"]
[Result "1/2-1/2"]
[WhiteElo "2375"]
[BlackElo "2500"]

1.d4 Nf6 2.c4 e6 3.Nf3 Bb4+ 4.Bd2 Qe7 5.g3 Nc6 6.Bg2 Bxd2+ 7.Qxd2 Ne4 8.Qc2 Qb4+
9.Kf1 d5 10.cxd5 exd5 11.Nc3 Nf6 12.Rd1 Be6 13.h3 O-O 14.Kg1 Ne7 15.Kh2 c6
16.Rhe1 Qd6 17.e3 Bf5 18.Qc1 Ne4 19.Rf1 Ng6 20.Kg1 Rfe8 21.Nxe4 Bxe4 22.Qc3 Re7
23.Rde1 Rae8 24.a4 h5 25.b4 h4 26.g4 f5 27.gxf5 Bxf5 28.Ng5 Nf8 29.f4 Qg6
30.Qd2 Nh7 31.Nf3 Bxh3  1/2-1/2

[Event "Katerini GP"]
[Site "Katerini"]
[Date "1993.??.??"]
[Round "5"]
[White "Gurieli, Nino"]
[Black "Petursson, Margeir"]
[Result "1/2-1/2"]
[WhiteElo "2355"]
[BlackElo "2560"]

1.d4 Nf6 2.c4 e6 3.Nf3 Bb4+ 4.Bd2 c5 5.Bxb4 cxb4 6.g3 O-O 7.Bg2 d6 8.Nbd2 Re8
9.Nf1 a5 10.Ne3 Na6 11.O-O Bd7 12.a3 Rc8 13.Nd2 Bc6 14.Bxc6 bxc6 15.axb4 Nxb4
16.Qa4 Ra8 17.Nb3 e5 18.Rfd1 exd4 19.Nxd4 Qb6 20.Ndc2 Nxc2 21.Qxc2 Ne4 22.Ra3 Qc5
23.Qd3 Re6 24.Qd4 Qh5 25.f3 Nf6 26.b4 c5 27.bxc5 dxc5 28.Qf4 h6 29.g4 Qg5
30.Qxg5 hxg5 31.Kf2 Rb6 32.Nd5 Rb2 33.Nc7 Rc8 34.Nb5 Ra8 35.Nc7 Rc8 36.Nb5 Re8
37.Nc7  1/2-1/2

[Event "GER-FRA"]
[Site "Kaufbeuren"]
[Date "1993.??.??"]
[Round "3"]
[White "Hauchard, Arnaud"]
[Black "Schlosser, Philipp"]
[Result "1/2-1/2"]
[WhiteElo "2450"]
[BlackElo "2550"]

1.d4 Nf6 2.c4 e6 3.Nf3 Bb4+ 4.Bd2 a5 5.g3 b6 6.Bg2 O-O 7.O-O Ba6 8.Bxb4 axb4
9.Nbd2 c5 10.a3 bxa3 11.Rxa3 Bb7 12.Rxa8 Bxa8 13.b4 cxd4 14.Nxd4 Bxg2 15.Kxg2 d5
16.Qb3 dxc4 17.Qxc4 b5 18.Qd3 Na6 19.N2f3 Nxb4 20.Qxb5 Nbd5  1/2-1/2

[Event "GER-FRA"]
[Site "Kaufbeuren"]
[Date "1993.??.??"]
[Round "4"]
[White "Bricard, Emmanuel"]
[Black "Jussupow, Artur"]
[Result "0-1"]
[WhiteElo "2440"]
[BlackElo "2630"]

1.d4 Nf6 2.c4 e6 3.Nf3 Bb4+ 4.Bd2 a5 5.a3 Bxd2+ 6.Qxd2 d6 7.Nc3 Nbd7 8.e3 O-O
9.Bd3 e5 10.O-O Re8 11.Qc2 Qe7 12.Nd2 Nf8 13.Nde4 Nxe4 14.Bxe4 c6 15.d5 c5
16.Bd3 Bd7 17.Rae1 Ng6 18.f3 Rf8 19.f4 f5 20.g3 Rae8 21.Qd2 Qf6 22.Bc2 Re7
23.Na4 b5 24.Nb6 b4 25.axb4 axb4 26.Nxd7 Rxd7 27.Bd1 Re7 28.Bh5 Rfe8 29.b3 exf4
30.exf4 Re4 31.Bf3 Rxe1 32.Rxe1 Qd4+ 33.Qxd4 Rxe1+ 34.Kf2 cxd4 35.Kxe1 Nf8
36.c5 dxc5 37.d6 Kf7 38.Bd5+ Ke8 39.Bc6+ Kf7 40.Bd5+ Ke8 41.Bc6+ Kd8 42.Kd2 Nd7
43.Kd3 Nb6 44.h3 h5 45.h4 g6 46.Bb5 Nc8 47.d7 Nb6 48.Bc6 Ke7 49.Bb5 Nxd7
50.Kc4 Kd6 51.Ba6 Nf6 52.Bb5 Ne4 53.Be8 Nf2 54.Bxg6 d3  0-1

[Event "Komotini GP"]
[Site "Komotini"]
[Date "1993.??.??"]
[Round "3"]
[White "Gurieli, Nino"]
[Black "Koen, Maja"]
[Result "1/2-1/2"]
[WhiteElo "2355"]
[BlackElo "2215"]

1.d4 Nf6 2.c4 e6 3.Nf3 Bb4+ 4.Bd2 a5 5.a3 Bxd2+ 6.Nbxd2 d5 7.e3 O-O 8.Bd3 b6
9.O-O Bb7 10.Rc1 Nbd7 11.Qc2 c5 12.cxd5 exd5 13.Ne5 Nxe5 14.dxe5 Ng4 15.Bxh7+ Kh8
16.Bf5 Nxe5 17.f4 Ng6 18.Rf3 Qf6 19.Rh3+ Kg8 20.Nf3 Bc8 21.Bxc8 Rfxc8 22.g4 Re8
23.Re1 Re4 24.Rh5 Rae8 25.Rxd5 Qe6 26.Rf5 Rxe3 27.Rxe3 Qxe3+ 28.Qf2 Qc1+
29.Qf1 Nxf4 30.Qxc1 Ne2+ 31.Kf2 Nxc1 32.Rd5 Re2+ 33.Kg3 Kf8 34.Nd2 Re3+ 35.Kf4 Re6
36.Ne4 Ne2+ 37.Ke3 Ke7 38.g5 Nd4 39.h4 g6 40.Kd3 Nf5 41.Nf6 Rd6 42.h5 gxh5
43.Rxd6 Kxd6 44.Nxh5 Ke6 45.Nf4+ Ke5 46.g6 fxg6 47.Nxg6+ Kd5 48.Nf4+ Kc6
49.a4 Nd6 50.b3 c4+ 51.bxc4 Kc5 52.Kc3 Nxc4 53.Nd3+ Kd5  1/2-1/2

[Event "Kurgan"]
[Site "Kurgan"]
[Date "1993.??.??"]
[Round "?"]
[White "Asanov, Bolat"]
[Black "Fradkin, Boris"]
[Result "1/2-1/2"]
[WhiteElo "2385"]
[BlackElo "2385"]

1.d4 Nf6 2.c4 e6 3.Nf3 Bb4+ 4.Bd2 Qe7 5.Qc2 Bxd2+ 6.Nbxd2 d6 7.e3 O-O 8.Be2 e5
9.O-O a5 10.Ne4 exd4 11.Nxf6+ Qxf6 12.Nxd4 Na6  1/2-1/2